| 000 -ლიდერი |
| ფიქსირებული სიგრძის საკონტროლო ველი |
01073nam a2200229Ia 4500 |
| 001 - საკონტროლო ნომერი |
| საკონტროლო ველი |
7992 |
| 003 - საკონტროლო ნომრის იდენტიფიკატორი |
| საკონტროლო ველი |
GE_BSU |
| 005 - ბოლო ოპერაციის თარიღი და დრო |
| საკონტროლო ველი |
20240216152802.0 |
| 008 - ფიქსირებული სიგრძის მონაცემთა ელემენტები - ზოგადი ინფორმაცია |
| ფიქსირებული სიგრძის საკონტროლო ველი |
181216s2013ge xx |||||||||||||| ||geo|| |
| 020 ## - წიგნის საერთაშორისო სტანდარტული ნომერი |
| International Standard Book Number |
9789941924408 |
| 040 ## - კატალოგიზაციის წყარო |
| Transcribing agency |
GE_BSU |
| 041 ## - ენის კოდი |
| Language code of text/sound track or separate title |
geo |
| 080 ## - უნივერსალური ათობითი კლასიფიკაციის ინდექსი |
| Universal Decimal Classification number |
005.96(075.8) მ-74 |
| 100 ## - მთავარი ჩანაწერი - პიროვნების სახელი |
| Personal name |
მიქელაძე, ედუარდ |
| 9 (RLIN) |
14991 |
| 245 ## - ცნობა სათაურის შესახებ |
| Title |
თანამედროვე მენეჯმენტის სტრატეგია და ტექნოლოგია / |
| Statement of responsibility, etc |
ედუარდ მიქელაძე, სამეცნ. რედ. ბადრი გეჩბაია |
| 264 ## - წარმოების, გამოცემის, დისტრიბუციის და სხვა ცნობები |
| გამოცემის, წარმოების, დისტრიბუციის... ადგილი |
ბათუმი : |
| გამოცემის, წარმოების, დისტრიბუციის... სახელწოდება |
ლაზარე +, |
| გამოცემის, წარმოების, დისტრიბუციის... თარიღი |
2013. |
| 300 ## - ფიზიკური აღწერა |
| Extent |
20 სმ.: |
| Dimensions |
148 გვ. |
| 653 ## - INDEX TERM--UNCONTROLLED |
| Uncontrolled term |
თანამედროვე მენეჯმენტის სტრატეგია და ტექნოლოგია |
| 653 ## - INDEX TERM--UNCONTROLLED |
| Uncontrolled term |
მენეჯმენტი |
| 700 ## - ADDED ENTRY--PERSONAL NAME |
| Personal name |
გეჩბაია, ბადრი |
| Relator term |
სამეცნიერო რედაქტორი |
| 9 (RLIN) |
14992 |
| 942 ## - ADDED ENTRY ELEMENTS (KOHA) |
| Koha item type |
წიგნი |
| Source of classification or shelving scheme |
|